000 00383nam a22001577a 4500
999 _c1374
_d1374
008 200123b ||||| |||| 00| 0 eng d
082 0 0 _a536.7
_bE932
100 _9979
_aEverett, H. A.
245 1 0 _aThermodynamics
_cby H A Everett
250 _a2nd
260 _aToronto
_bD. Van Nostrand
_c1948
300 _axiii,466p.
365 _d22.08
650 0 _aThermodynamics
942 _cBK